A-Z Geometry Dash General Knowledge - Statistics

General Stats
  • This quiz has been taken 205 times
  • The average score is 20 of 26
Answer Stats
Letter Hint Answer % Correct
A Level difficulty that is classified from beating the level without doing anything Auto
99%
B The most liked extreme demon, made by Riot & More Bloodbath
96%
H Difficulty that normally gives 4-5 stars when beaten Hard
91%
L Levels that are classified from lasting between 1 and 2 minutes Long
91%
D Official level that gives you 15 stars when beaten Deadlocked
89%
E Official level that introduces speed portals; uses a soundtrack by DJ-Nate Electrodynamix
86%
G Official level introduced in 2.0 Geometrical Dominator
86%
N Most liked hard demon, famous for flashing colors in the wave gamemode Nine Circles
85%
U A gamemode that has you jump mid-air; first introduced in Theory of Everything UFO
85%
R The most liked level; easy retro-themed level created by DiMaViKuLov26 ReTraY
82%
X Levels that are classified from lasting more than 2 minutes XL
82%
O Gameplay mechanism that gives you an effect when tapped; usually placed mid-air Orbs
81%
T What Michigun was known for Triple Spike
81%
I The second gauntlet, which contain the levels Amplification, Skyward, and Polihedral Ice Gauntlet
80%
J Popular Geometry Dash Youtuber whose icon is a green and white cat Juniper
79%
F Popular level by JonathanGD that is a mix of Clutterfunk and High Life Future Funk
78%
K Creator known for his difficult levels, such as Black Blizzard, xo, Low Death, hi, and Falling Up KrmaL
78%
Q Level by Riot that is known for being a more difficult version of Blast Processing Quantum Processing
78%
W Composer of songs such as Clutterfunk, Hexagon Force, and Blast Processing Waterflame
72%
Z Creator of the answer in [N], along with other levels such as 8o, Acropolis, and Forsaken Neon Zobros
70%
C Popular level by Bli; last level of the Split Gauntlet Change of Scene
63%
V Creator of iSpyWithMyLittleEye Voxicat
59%
S Top 1 Player, with over 275k stars Smiffy777
55%
P Popular creator who is famous for levels such as Congregation, VAGUE, and UNDERWORLD Presta
52%
Y Top 1 creator, with over 350 creator points YunHaSeu14
43%
M Along with ScorchVX, who is the creator of the level "B" Motleyorc
37%
No matching quizzes found
Score Distribution
Percent of People with Each Score
Percentile by Number Answered
Your Score History
You have not taken this quiz